Landkreise in Württemberg-Hohenzollern (1951) - Statistiken

Allgemein
  • Dieses Quiz wurde 20 mal gespielt
  • Das Durchschnittsergebnis liegt bei 9 aus 17
Antworten auf der Karte
Die Antworten werden auf der Karte rot bzw. grün angezeigt, abhängig davon wie oft sie richtig erraten wurden.
 
Antwortstatistiken
Antwort % Korrekt
Sigmaringen
85%
Tübingen
85%
Reutlingen
77%
Biberach
69%
Hechingen
69%
Ravensburg
69%
Rottweil
69%
Balingen
54%
Freudenstadt
54%
Calw
46%
Ehingen
46%
Tuttlingen
46%
Wangen
38%
Horb
31%
Tettnang
31%
Münsingen
23%
Saulgau
23%
Keine übereinstimmenden Quizze gefunden
Verteilung der Resultate
Anzahl Personen mit jedem Resultat
Perzentil nach korrekt beantworteten Fragen
Ihre Resultats-Entwicklung
Sie haben dieses Quiz noch nicht gespielt